书目信息 |
| 题名: |
从零基础到职业插画师
|
|
| 作者: | 潘小欧 著 | |
| 分册: | ||
| 出版信息: | 南京 江苏凤凰科学技术出版社 2019 |
|
| 页数: | 143页 | |
| 开本: | 26cm | |
| 丛书名: | ||
| 单 册: | ||
| 中图分类: | J218.5 | |
| 科图分类: | ||
| 主题词: | 插图(绘画)--绘画技法 | |
| 电子资源: | ||
| ISBN: | 978-7-5713-0189-7 | |
| 000 | 00923nam0 2200229 450 | |
| 001 | 012001007300 | |
| 005 | 20140101103623.0 | |
| 010 | @a978-7-5713-0189-7@dCNY49.80 | |
| 100 | @a20190722d2019 em y0chiy50 ea | |
| 101 | 0 | @achi |
| 102 | @aCN@b320000 | |
| 105 | @aa z 000yy | |
| 106 | @ar | |
| 200 | 1 | @a从零基础到职业插画师@9cong ling ji chu dao zhi ye cha hua shi@b专著@f潘小欧著 |
| 210 | @a南京@c江苏凤凰科学技术出版社@d2019 | |
| 215 | @a143页@d26cm | |
| 330 | @a本书是一本职业插画教程,以儿童水彩插画为例,介绍了水彩工具以及水彩画的线稿和上色技巧。书中分步骤详细讲解了线稿实践和水彩上色的基本技法,让零基础的初学者可以轻松学会水彩。最后一章分析了职业插画师的经营方式,旨在指导零经验想成为职业插画师的读者如何成功走上职业插画师之路。 | |
| 606 | 0 | @a插图(绘画)@x绘画技法 |
| 690 | @aJ218.5@v5 | |
| 701 | 0 | @a潘小欧@9pan xiao ou@c(女)@4著 |
| 801 | 2 | @aCN@b上海新华@c20191020 |
| 905 | @b1133153-6@dJ218.5@e1069@f4 | |
| 从零基础到职业插画师/潘小欧著.-南京:江苏凤凰科学技术出版社,2019 |
| 143页;26cm |
| ISBN 978-7-5713-0189-7:CNY49.80 |
| 本书是一本职业插画教程,以儿童水彩插画为例,介绍了水彩工具以及水彩画的线稿和上色技巧。书中分步骤详细讲解了线稿实践和水彩上色的基本技法,让零基础的初学者可以轻松学会水彩。最后一章分析了职业插画师的经营方式,旨在指导零经验想成为职业插画师的读者如何成功走上职业插画师之路。 |
| ● |
| 相关链接 |
|
|
|
|
正题名:从零基础到职业插画师
索取号:J218.5/1069
 
预约/预借
| 序号 | 登录号 | 条形码 | 馆藏地/架位号 | 状态 | 备注 |
| 1 | 1133153 | 211331539 | 第一样本阅览室/ [索取号:J218.5/1069] | 在馆 | |
| 2 | 1133154 | 211331548 | 第一借阅区/ [索取号:J218.5/1069] | 在馆 | |
| 3 | 1133155 | 211331557 | 第一借阅区/ [索取号:J218.5/1069] | 在馆 | |
| 4 | 1133156 | 211331566 | 第一借阅区/ [索取号:J218.5/1069] | 在馆 |